Normal view
MARC view
- Smegha N C
Entry Personal Name
001 - CONTROL NUMBER
- control field: 4907
003 - CONTROL NUMBER IDENTIFIER
- control field: OSt
005 - DATE AND TIME OF LATEST TRANSACTION
- control field: 20210204113610.0
008 - FIXED-LENGTH DATA ELEMENTS
- fixed length control field: 210204|| aca||aabn | a|a d
040 ## - CATALOGING SOURCE
- Original cataloging agency: OSt
- Transcribing agency: OSt
100 ## - HEADING--PERSONAL NAME
- Personal name: Smegha N C
670 ## - SOURCE DATA FOUND
- Source citation: Work cat.: (OSt): Smegha N C, Effect of Bakkikayam regulator on groundwater using geophysical techniques and visual modflow, 2020
